|
|
|
|
| LEADER |
00000nam0a2200000 4500 |
| 001 |
124614 |
| 005 |
20231031131007.0 |
| 035 |
|
|
|a (RuTPU)RU\TPU\book\134866
|
| 090 |
|
|
|a 124614
|
| 100 |
|
|
|a 20071106d1968 m y0rusy5003 ca
|
| 101 |
1 |
|
|a rus
|c spa
|
| 102 |
|
|
|a RU
|
| 105 |
|
|
|a a z 000ay
|
| 200 |
1 |
|
|a Глаза погребенных
|e Роман
|f М. А. Астуриас
|g пер. с испанского Ю. В. Дашкевич
|
| 210 |
|
|
|a Москва
|c Прогресс
|d 1968
|
| 215 |
|
|
|a 608 с.
|c ил.
|d 20 см
|
| 333 |
|
|
|a Исключено из фонда НТБ ТПУ
|
| 700 |
|
1 |
|a Астуриас
|b М. А.
|g Мигель Анхель
|4 070
|
| 702 |
|
1 |
|a Дашкевич
|b Ю. В.
|4 730
|
| 801 |
|
0 |
|a RU
|b RuMRKP
|c 19950704
|g psbo
|
| 801 |
|
1 |
|a RU
|b 63413507
|c 20071106
|g PSBO
|
| 801 |
|
2 |
|a RU
|b 63413507
|c 20150413
|g PSBO
|
| 942 |
|
|
|c BK
|